Nevada Basketball: Top 10 All-Time Leaders - Statistics

General Stats
  • This quiz has been taken 2 times
    0 since last reset
  • The average score is 0 of 90
Answer Stats
Category # Player Amount % Correct
Blocks 4 AJ West 145
0%
Assists 6 Armon Johnson 445
0%
Assists 5 Billy Allen 468
0%
Games 4 Brandon Fields 132
0%
Three Pointers Made 4 Caleb Martin 207
0%
Points Per Game 5 Caleb Martin 19.1
0%
Rebounds 9 Cameron Oliver 649
0%
Blocks 3 Cameron Oliver 190
0%
Field Goal Percent 7 Cameron Oliver 48.6%
0%
Assists 10 Curtis High 338
0%
Rebounds 4 Dario Hunt 1,032
0%
Blocks 1 Dario Hunt 270
0%
Games T1 Dario Hunt 135
0%
Points 9 Darryl Owens 1,504
0%
Assists 8 Darryl Owens 437
0%
Steals 2 Darryl Owens 200
0%
Points Per Game 10 Darryl Owens 18.3
0%
Points 2 Deonte Burton 2,102
0%
Assists 2 Deonte Burton 515
0%
Steals 3 Deonte Burton 169
0%
Three Pointers Made 6 Deonte Burton 184
0%
Games T6 Deonte Burton 130
0%
Three Pointers Made 10 Desmond Cambridge Jr. 156
0%
Games T1 D.J. Fenner 135
0%
Field Goal Percent 5 Dwayne Randall 49.8%
0%
Assists 7 Eathan O'Bryant 443
0%
Steals 5 Eathan O'Bryant 140
0%
Points 4 Edgar Jones 1,877
0%
Rebounds 3 Edgar Jones 1,116
0%
Field Goal Percent 4 Edgar Jones 49.8%
0%
Points Per Game 8 Edgar Jones 18.6
0%
Field Goal Percent 1 Faron Hand 54.8%
0%
Games T9 Garry Hill-Thomas 124
0%
Points Per Game 6 Grant Sherfield 18.8
0%
Blocks 9 Greg Palm 103
0%
Three Pointers Made 9 Jarod Lucas 159
0%
Blocks 5 JaVale McGee 122
0%
Three Pointers Made 8 Jazz Johnson 162
0%
Rebounds 10 Jerry Evans 623
0%
Games 8 Jerry Evans 126
0%
Three Pointers Made 5 Jerry Hogan 185
0%
Three Pointers Made 7 Jimmy Carroll 170
0%
Points 5 Jordan Caroline 1,742
0%
Rebounds 5 Jordan Caroline 958
0%
Assists 9 Kenan Blackshear 395
0%
Steals 6 Kenan Blackshear 134
0%
Field Goal Percent 9 Ken Green 47.6%
0%
Points Per Game 1 Ken Green 20.6
0%
Points Per Game 9 Kevin Franklin 18.4
0%
Assists 1 Kevin Soares 716
0%
Steals 1 Kevin Soares 255
0%
Blocks 10 K.J. Hymes 102
0%
Steals 9 Kyle Shiloh 131
0%
Rebounds 8 Lindsey Drew 654
0%
Assists 3 Lindsey Drew 508
0%
Steals 4 Lindsey Drew 168
0%
Blocks 8 Lindsey Drew 106
0%
Games T6 Lindsey Drew 130
0%
Field Goal Percent 8 Luke Babbitt 48.0%
0%
Points Per Game 4 Luke Babbitt 19.4
0%
Points 10 Malik Story 1,476
0%
Three Pointers Made 1 Malik Story 253
0%
Points 3 Marcelus Kemp 1,939
0%
Three Pointers Made 2 Marcelus Kemp 227
0%
Games 3 Marcelus Kemp 134
0%
Field Goal Percent 10 Marvin Buckley 47.1%
0%
Points Per Game 3 Marvin Buckley 19.9
0%
Rebounds 7 Matt Williams 753
0%
Steals T7 Matt Williams 132
0%
Blocks 6 Matt Williams 119
0%
Field Goal Percent 6 Mike Gray 48.6%
0%
Points Per Game 2 Mike Gray 20.5
0%
Points 1 Nick Fazekas 2,464
0%
Rebounds 2 Nick Fazekas 1,254
0%
Blocks 2 Nick Fazekas 192
0%
Field Goal Percent 2 Nick Fazekas 53.2%
0%
Points Per Game 7 Nick Fazekas 18.8
0%
Games 5 Nick Fazekas 131
0%
Steals 10 Paul Culbertson 117
0%
Points 7 Pete Padgett 1,642
0%
Rebounds 1 Pete Padgett 1,464
0%
Assists 4 Ramon Sessions 478
0%
Points 8 Ric Herrin 1,512
0%
Rebounds 6 Ric Herrin 815
0%
Field Goal Percent 3 Ric Herrin 52.1%
0%
Blocks 7 Sean Paul 107
0%
Points 6 Terrance Green 1,646
0%
Three Pointers Made 3 Terrance Green 209
0%
Steals T7 Tré Coleman 132
0%
Games T9 Tré Coleman 124
0%
No matching quizzes found
Score Distribution
Percent of People with Each Score
Percentile by Number Answered
Your Score History
You have not taken this quiz since the last reset